Greatest Warriors NBA Players - Statistics

General Stats
  • This quiz has been taken 246 times
  • The average score is 10 of 16
Answer Stats
Picture Answer % Correct
Stephen Curry
100%
Kevin Durant
97%
Wilt Chamberlain
97%
Draymond Green
96%
Klay Thompson
96%
Rick Barry
83%
Andre Iguodala
81%
Chris Mullin
78%
Baron Davis
52%
Nate Thurmond
50%
Tim Hardaway
45%
Paul Arizin
31%
Latrell Sprewell
23%
Mitch Richmond
21%
Neil Johnston
9%
Tom Gola
3%
No matching quizzes found
Score Distribution
Percent of People with Each Score
Percentile by Number Answered
Your Score History
You have not taken this quiz